01406nam a2200385 a 450000100060000000300080000600500170001400600190003100700150005000800410006502000180010603500230012403500240014703500250017103500210019604000260021705000220024308000100026508200150027510000350029024501010032524600550042626000530048130000110053450000900054550400400063553301640067565000190083965000280085865000140088665000120090065500270091271000190093985600620095830702FlNmELB20241216220609.0m o d | cr cn|||||||||130627s2011 sp sb 001 0 spa d z9788483646663 a(MiAaPQ)EBC3212422 a(Au-PeEL)EBL3212422 a(CaPaEBR)ebr10721597 a(OCoLC)907512909 aFlNmELBbspacFlNmELB 4aTT180b.P281 2011 a674.104a684.082231 aPascual Cortés, Juan Miguel.10aTintado, glaseado, patinado y difuminadoh[recurso electronico] /cJuan Miguel Pascual Cortés.34aUF0184 :btintado, glaseado, patinado y difuminado aAntequera, Málaga :bIC editorial,cD.L. 2011. a261 p. aEn cub.: Certificado de profesionalidad. MAMR0208- Acabado de carpintería y mueble. aContiene índice y bibliografía. aRecurso electrónico. Santa Fe, Arg.: e-libro, 2015. Disponible vía World Wide Web. El acceso puede estar limitado para las bibliotecas afiliadas a e-libro. 4aCarpintería. 4aIndustria de la madera. 0aWoodwork. 0aTimber. 4aLibros electrónicos.2 ae-libro, Corp.40uhttps://elibro.net/ereader/politecnicointernacional/54220